MARC

LEADER 00000nam0a2200000 4500
001 14436
005 20231030185656.0
010 |a 5724511320 
035 |a (RuTPU)RU\TPU\book\14529 
035 |a BOOK00014598 
090 |a 14436 
100 |a 20011209d1999 km y0rusy50 ca 
101 0 |a rus 
102 |a RU 
105 |a y z 000zy 
200 1 |a Прочность и разрушение полимерных пленок и волокон  |f Б. Цой, Э. М. Карташов, В. В. Шевелев 
210 |a Москва  |c Химия  |d 1999 
215 |a 496 с. 
610 1 |a полимеры 
610 1 |a пленки 
610 1 |a волокна 
610 1 |a прочность 
610 1 |a разрушение 
610 1 |a механические нагрузки 
610 1 |a температурные поля 
610 1 |a поверхностно-активные среды 
675 |a 678.01:539  |v 3 
700 1 |a Цой  |b Б.  |g Броня 
701 1 |a Карташов  |b Э. М.  |g Эдуард Михайлович 
701 1 |a Шевелев  |b В. В.  |g Валентин Владимирович 
801 0 |a RU  |b 63413507  |c 20011209  |g PSBO 
801 2 |a RU  |b 63413507  |c 20201028  |g PSBO 
942 |c BK